[Event "Oberliga Ost B 2016 2017"]
[Site "Germany"]
[Date "2017.05.06"]
[Round "10.6"]
[White "Sunderbrink, Heino"]
[Black "Minor, Samuel"]
[Result "0-1"]
[WhiteElo "1864"]
[BlackElo "2189"]
[PlyCount "120"]
[EventDate "2016.10.16"]
[EventType "team-tourn"]
[EventCountry "GER"]
[WhiteTeam "Erfurt SV Medizin"]
[BlackTeam "Wiesbadener SV"]
[WhiteTeamCountry "GER"]
[BlackTeamCountry "GER"]

1. Nf3 f5 2. d3 d6 3. g3 Nf6 4. Bg2 g6 5. c4 Bg7 6. O-O O-O 7. Nc3 Nc6 8. Rb1
e5 9. Bd2 h6 10. e4 g5 11. Ne1 f4 12. Nc2 Bg4 13. f3 Be6 14. g4 Nd4 15. Nxd4
exd4 16. Nd5 Nd7 17. Nb4 c6 18. Rf2 a5 19. Nc2 b5 20. b3 Qc7 21. Bf1 Rfb8 22.
Be1 Rb7 23. Rg2 Rab8 24. Bf2 c5 25. cxb5 Rxb5 26. Na3 R5b7 27. Rc1 a4 28. bxa4
Bxa2 29. Nb5 Qb6 30. Bxd4 Bxd4+ 31. Nxd4 c4 32. dxc4 Bb3 33. Qd2 Ne5 34. Kh1
Bxa4 35. Qc3 Qc5 36. Rd2 Rb1 37. Kg2 Bd7 38. Be2 R8b4 39. Rxb1 Rxb1 40. Rd1 Rb4
41. Rc1 Kf7 42. Nb3 Qe3 43. Qxe3 fxe3 44. Rc3 Be6 45. Rxe3 Ng6 46. Nd4 Nf4+ 47.
Kf2 Rb2 48. Rc3 Rd2 49. Nxe6 Rxe2+ 50. Kf1 Kxe6 51. c5 dxc5 52. Rxc5 Re1+ 53.
Kxe1 Nd3+ 54. Kf1 Nxc5 55. Kg2 Ke5 56. Kg3 Ne6 57. h4 Kd4 58. f4 Nxf4 59. Kf3
Ne6 60. hxg5 hxg5 0-1

[Event "Oberliga Ost B 2016 2017"]
[Site "Germany"]
[Date "2017.05.06"]
[Round "10.7"]
[White "Kayser, Felix"]
[Black "Nguyen, Ha Thanh"]
[Result "1-0"]
[WhiteElo "2171"]
[BlackElo "1704"]
[PlyCount "105"]
[EventDate "2016.10.16"]
[EventType "team-tourn"]
[EventCountry "GER"]
[WhiteTeam "Wiesbadener SV"]
[BlackTeam "Erfurt SV Medizin"]
[WhiteTeamCountry "GER"]
[BlackTeamCountry "GER"]

1. e4 c5 2. Nc3 Nc6 3. f4 g6 4. Nf3 Bg7 5. Bb5 Nd4 6. O-O Nxb5 7. Nxb5 a6 8.
Nc3 e6 9. d3 Ne7 10. Qe1 O-O 11. f5 exf5 12. Qh4 d6 13. Bh6 f6 14. Bd2 Be6 15.
Rae1 Bf7 16. Kh1 b5 17. Ne2 fxe4 18. dxe4 Nc6 19. Qg3 Qe7 20. Nc3 Rad8 21. h4
Ne5 22. Bf4 b4 23. Ne2 Bc4 24. Nd2 Bb5 25. Rg1 Bc6 26. Rgf1 Rf7 27. Ng1 Rdf8
28. Ngf3 Qd7 29. Rd1 Re8 30. Rfe1 Rfe7 31. Nxe5 fxe5 32. Bg5 Rf7 33. Nc4 Bf8
34. h5 Qe6 35. b3 Bd7 36. Rd2 h6 37. hxg6 Qxg6 38. Bh4 Bg4 39. Ne3 h5 40. Nd5
Bh6 41. Rf2 Bg7 42. Rxf7 Qxf7 43. Qd3 Kh8 44. Qxa6 Qg6 45. Qd3 Ra8 46. Rf1 Rxa2
47. Nf6 Be6 48. Qxd6 Bg8 49. Qd8 Bh6 50. Nxg8 Qxg8 51. Bf6+ Kh7 52. Qe7+ Bg7
53. Bxg7 1-0

[Event "Oberliga Ost B 2016 2017"]
[Site "Germany"]
[Date "2017.05.06"]
[Round "10.3"]
[White "Wendel, Stephan"]
[Black "Richter, Dustin"]
[Result "1/2-1/2"]
[WhiteElo "2273"]
[BlackElo "2130"]
[PlyCount "27"]
[EventDate "2016.10.16"]
[EventType "team-tourn"]
[EventCountry "GER"]
[WhiteTeam "Frankfurt SC Brett vorm Kopp"]
[BlackTeam "Sangerhausen SV"]
[WhiteTeamCountry "GER"]
[BlackTeamCountry "GER"]

1. e4 c5 2. Nf3 d6 3. d4 cxd4 4. Nxd4 Nf6 5. Nc3 g6 6. Be3 Bg7 7. f3 Nbd7 8.
Qd2 a6 9. O-O-O b5 10. Bh6 Bxh6 11. Qxh6 Bb7 12. Nb3 Rc8 13. Qd2 Qc7 14. Kb1
1/2-1/2

[Event "Oberliga Ost B 2016 2017"]
[Site "Germany"]
[Date "2017.05.06"]
[Round "10.7"]
[White "Syed, Tareq"]
[Black "Duchrow, Oliver"]
[Result "1/2-1/2"]
[WhiteElo "2010"]
[BlackElo "2069"]
[PlyCount "21"]
[EventDate "2016.10.16"]
[EventType "team-tourn"]
[EventCountry "GER"]
[WhiteTeam "Frankfurt SC Brett vorm Kopp"]
[BlackTeam "Sangerhausen SV"]
[WhiteTeamCountry "GER"]
[BlackTeamCountry "GER"]

1. d3 e5 2. g3 Nf6 3. Bg2 d5 4. Nd2 c6 5. c3 Bd6 6. Nh3 O-O 7. f3 a5 8. Nf2 Bc5
9. O-O Bxf2+ 10. Rxf2 e4 11. Nf1 1/2-1/2

[Event "Oberliga Ost B 2016 2017"]
[Site "Germany"]
[Date "2017.05.06"]
[Round "10.1"]
[White "Dubiel, Jacek"]
[Black "Zimmermann, Hendrik"]
[Result "1-0"]
[WhiteElo "2423"]
[BlackElo "2157"]
[PlyCount "69"]
[EventDate "2016.10.16"]
[EventType "team-tourn"]
[EventCountry "GER"]
[WhiteTeam "Oberursel SV"]
[BlackTeam "Frankfurt SC Koenig Nied"]
[WhiteTeamCountry "GER"]
[BlackTeamCountry "GER"]

1. e4 c5 2. Nf3 d6 3. d4 cxd4 4. Nxd4 Nf6 5. Nc3 a6 6. Be3 e5 7. Nb3 Be7 8. h3
Be6 9. f4 exf4 10. Bxf4 O-O 11. Qe2 Nc6 12. O-O-O Qc7 13. g4 Nd7 14. Kb1 Rfe8
15. Qg2 Nce5 16. g5 b5 17. Nd5 Bxd5 18. exd5 Bf8 19. h4 Nc4 20. h5 Ne3 21. Bxe3
Rxe3 22. g6 Nf6 23. Be2 Rae8 24. Nd4 R8e5 25. Bf3 Qc4 26. gxf7+ Kxf7 27. Rhf1
Ke8 28. Qf2 Be7 29. Nc6 Re2 30. Bxe2 Rxe2 31. Qf5 Qh4 32. Qf3 Qc4 33. Qf5 Qh4
34. a3 Kf7 35. Qxh7 1-0

[Event "Oberliga Ost B 2016 2017"]
[Site "Germany"]
[Date "2017.05.06"]
[Round "10.2"]
[White "Uwira, Oliver"]
[Black "Margolin, Boris"]
[Result "1-0"]
[WhiteElo "2254"]
[BlackElo "2391"]
[PlyCount "93"]
[EventDate "2016.10.16"]
[EventType "team-tourn"]
[EventCountry "GER"]
[WhiteTeam "Frankfurt SC Koenig Nied"]
[BlackTeam "Oberursel SV"]
[WhiteTeamCountry "GER"]
[BlackTeamCountry "GER"]

1. d4 d6 2. e4 Nf6 3. Nc3 Nbd7 4. Nf3 e5 5. Bc4 Be7 6. O-O O-O 7. Qe2 c6 8. a4
b6 9. Rd1 Qc7 10. d5 c5 11. a5 bxa5 12. Nb5 Qb8 13. Rxa5 Bd8 14. Ra2 Nb6 15.
Na3 a6 16. Bd3 Ne8 17. Nc4 Nxc4 18. Bxc4 Nc7 19. h3 a5 20. c3 Bd7 21. Nh2 Qc8
22. f4 exf4 23. Bxf4 Ne8 24. Nf3 f6 25. Bb5 Rb8 26. Bxd7 Qxd7 27. Nd2 Bc7 28.
Nc4 Ra8 29. Rda1 Qb5 30. Ra4 f5 31. e5 dxe5 32. Bxe5 Bd8 33. Qf3 Ra7 34. d6 Rd7
35. Qd5+ Kh8 36. b4 Nf6 37. Qxc5 Qb7 38. bxa5 Ne4 39. Qd4 Bh4 40. R4a2 Qa6 41.
Nb6 Rdf7 42. c4 Rd8 43. Qd5 Ra7 44. c5 Qb5 45. c6 Rxa5 46. Qxb5 Rxb5 47. c7 1-0

[Event "Oberliga Ost B 2016 2017"]
[Site "Germany"]
[Date "2017.05.06"]
[Round "10.3"]
[White "Schlamp, Robert"]
[Black "Staller, Peter"]
[Result "1/2-1/2"]
[WhiteElo "2263"]
[BlackElo "2264"]
[PlyCount "80"]
[EventDate "2016.10.16"]
[EventType "team-tourn"]
[EventCountry "GER"]
[WhiteTeam "Oberursel SV"]
[BlackTeam "Frankfurt SC Koenig Nied"]
[WhiteTeamCountry "GER"]
[BlackTeamCountry "GER"]

1. d4 d5 2. c4 e6 3. Nc3 Nf6 4. Bg5 Be7 5. e3 O-O 6. Nf3 h6 7. Bh4 Ne4 8. Bxe7
Qxe7 9. cxd5 Nxc3 10. bxc3 exd5 11. Be2 Nc6 12. O-O Rd8 13. h3 b6 14. Rc1 Bb7
15. Bd3 Qf6 16. Re1 Rd6 17. Nh2 Bc8 18. c4 dxc4 19. Bxc4 Na5 20. Bd3 Qd8 21.
Qc2 c5 22. Bh7+ Kh8 23. dxc5 bxc5 24. Be4 Bb7 25. Nf3 Qe7 26. Bxb7 Nxb7 27.
Red1 Rad8 28. Rxd6 Qxd6 29. Rb1 Qe7 30. Qf5 Kg8 31. Rc1 Qd7 32. Qf4 Qd6 33. Qc4
Qd3 34. Ne5 Qxc4 35. Nxc4 f6 36. Kf1 Kf7 37. Ke2 Ke6 38. Rb1 Rd7 39. Rc1 Rd8
40. Rb1 Rd7 1/2-1/2

[Event "Oberliga Ost B 2016 2017"]
[Site "Germany"]
[Date "2017.05.06"]
[Round "10.4"]
[White "Chandler, Patrick"]
[Black "Haubt, Georg"]
[Result "1-0"]
[WhiteElo "2154"]
[BlackElo "2161"]
[PlyCount "105"]
[EventDate "2016.10.16"]
[EventType "team-tourn"]
[EventCountry "GER"]
[WhiteTeam "Frankfurt SC Koenig Nied"]
[BlackTeam "Oberursel SV"]
[WhiteTeamCountry "GER"]
[BlackTeamCountry "GER"]

1. Nf3 d5 2. b4 Qd6 3. b5 a6 4. c4 dxc4 5. Nc3 Bd7 6. bxa6 Nxa6 7. a4 Nc5 8.
Ba3 e6 9. e3 Qa6 10. Ne5 Bd6 11. Nxc4 Qc6 12. f3 b6 13. Nxd6+ cxd6 14. Bb5 Qc7
15. O-O Nf6 16. Rc1 Qb8 17. d4 Nb7 18. e4 O-O 19. Bxd7 Nxd7 20. f4 Rc8 21. Qd3
Qa7 22. e5 Qa5 23. Qf3 d5 24. f5 Rf8 25. Bxf8 Rxf8 26. Qg4 Qb4 27. fxe6 Nxe5
28. Nxd5 Nxg4 29. Nxb4 Nf6 30. Rc7 Nd6 31. e7 Ra8 32. Rc6 Nfe8 33. Rfc1 f5 34.
Rxb6 Rxa4 35. Nc6 Kf7 36. Re1 Ne4 37. h3 Ra2 38. Rb8 Rd2 39. Rd8 N4d6 40. Rd7
g5 41. Nd8+ Kg7 42. Rxd6 Nxd6 43. e8=Q Nxe8 44. Rxe8 Kf6 45. Re6+ Kg7 46. Rd6
g4 47. hxg4 fxg4 48. Kh2 h5 49. Kg3 Rd3+ 50. Kh2 Rd2 51. Ne6+ Kf6 52. Kg3 Kf5
53. Ng7+ 1-0

[Event "Oberliga Ost B 2016 2017"]
[Site "Germany"]
[Date "2017.05.06"]
[Round "10.5"]
[White "Koller, Jens"]
[Black "Prenzler, Daniel"]
[Result "1/2-1/2"]
[WhiteElo "2203"]
[BlackElo "2237"]
[PlyCount "89"]
[EventDate "2016.10.16"]
[EventType "team-tourn"]
[EventCountry "GER"]
[WhiteTeam "Oberursel SV"]
[BlackTeam "Frankfurt SC Koenig Nied"]
[WhiteTeamCountry "GER"]
[BlackTeamCountry "GER"]

1. e4 e6 2. d4 d5 3. Nc3 Nf6 4. e5 Nfd7 5. Nce2 c5 6. f4 cxd4 7. Nxd4 Nc6 8.
Ngf3 Bc5 9. c3 Qb6 10. b4 Nxd4 11. Nxd4 Bxd4 12. Qxd4 Qxd4 13. cxd4 Nb6 14. Bd3
Bd7 15. b5 Nc4 16. Rb1 O-O 17. O-O f5 18. exf6 Rxf6 19. Bxc4 dxc4 20. Re1 Be8
21. Rb4 Rc8 22. Re5 Rf5 23. Rxe6 Bxb5 24. Re5 Rxe5 25. fxe5 Ba6 26. Kf2 Kf7 27.
Ke3 Ke6 28. Ke4 Rd8 29. Ra4 Rd5 30. Ra3 Rb5 31. Rh3 Rd5 32. Rxh7 Rd7 33. Rh8 b5
34. Re8+ Kf7 35. Rb8 Bb7+ 36. Rxb7 Rxb7 37. d5 b4 38. Kd4 b3 39. axb3 cxb3 40.
Bb2 Rc7 41. e6+ Ke8 42. Bc3 Rb7 43. Bb2 Rc7 44. Bc3 Rb7 45. Bb2 1/2-1/2

[Event "Oberliga Ost B 2016 2017"]
[Site "Germany"]
[Date "2017.05.06"]
[Round "10.6"]
[White "Perlitz, Sven"]
[Black "Schwenkreis, Thomas"]
[Result "1-0"]
[WhiteElo "2065"]
[BlackElo "2068"]
[PlyCount "95"]
[EventDate "2016.10.16"]
[EventType "team-tourn"]
[EventCountry "GER"]
[WhiteTeam "Frankfurt SC Koenig Nied"]
[BlackTeam "Oberursel SV"]
[WhiteTeamCountry "GER"]
[BlackTeamCountry "GER"]

1. e4 e5 2. Nf3 d6 3. Bc4 Nf6 4. Nc3 Be7 5. d4 exd4 6. Nxd4 O-O 7. O-O c6 8. a4
Nxe4 9. Nxe4 d5 10. Bd3 dxe4 11. Bxe4 Bf6 12. Be3 g6 13. c3 Nd7 14. Nb3 Qe7 15.
Bc2 Rd8 16. Qc1 Ne5 17. Bc5 Qe6 18. Re1 Qg4 19. h3 Qh5 20. Qf4 Bg7 21. Bd4 f6
22. Bxe5 fxe5 23. Qc4+ Kh8 24. Rad1 Rf8 25. Nc5 b6 26. Ne4 Qh4 27. Qe2 Be6 28.
Bd3 Bb3 29. Bc2 Bd5 30. c4 Bg8 31. Rd6 Rac8 32. b3 Rfd8 33. Red1 Qe7 34. Qg4
Rxd6 35. Rxd6 Rc7 36. h4 b5 37. c5 bxa4 38. bxa4 Qe8 39. Qg5 Qf7 40. Rd8 h6 41.
Qe3 Qe7 42. Qd3 Rb7 43. h5 Bf6 44. Nxf6 Qxf6 45. hxg6 e4 46. Qd6 Qc3 47. Qe6
Rg7 48. Bb3 1-0

[Event "Oberliga Ost B 2016 2017"]
[Site "Germany"]
[Date "2017.05.06"]
[Round "10.7"]
[White "Stork, Oliver"]
[Black "Goll, Christof"]
[Result "1-0"]
[WhiteElo "1952"]
[BlackElo "2082"]
[PlyCount "109"]
[EventDate "2016.10.16"]
[EventType "team-tourn"]
[EventCountry "GER"]
[WhiteTeam "Oberursel SV"]
[BlackTeam "Frankfurt SC Koenig Nied"]
[WhiteTeamCountry "GER"]
[BlackTeamCountry "GER"]

1. c4 c6 2. Nf3 d5 3. e3 Nf6 4. Nc3 g6 5. d4 Bg7 6. Bd3 O-O 7. O-O Na6 8. e4
dxe4 9. Nxe4 Bg4 10. Be3 Nd7 11. Be2 Qc7 12. g3 Bf5 13. Nc3 Rad8 14. Qc1 Rfe8
15. Rd1 Qb8 16. a3 e5 17. Nh4 Bh3 18. d5 Nf6 19. Bh6 Bh8 20. Qc2 Qc8 21. Rac1
Nc7 22. Bf3 Bg4 23. dxc6 Bxf3 24. Nxf3 bxc6 25. Rxd8 Qxd8 26. Re1 Qd6 27. Bg5
Nd7 28. Ne4 Qf8 29. Rd1 Nc5 30. Nf6+ Bxf6 31. Bxf6 e4 32. Ng5 h6 33. Nh3 e3 34.
fxe3 Ne4 35. Bc3 Qc5 36. Bd4 Qf5 37. Nf2 Nxg3 38. Qxf5 Nxf5 39. Ng4 Re6 40.
Bxa7 h5 41. Rd8+ Kg7 42. Nf2 g5 43. e4 Nh4 44. Bd4+ Kg6 45. Bb6 Ne8 46. a4 Nd6
47. c5 Nc4 48. a5 f5 49. a6 fxe4 50. a7 e3 51. a8=Q e2 52. Rg8+ Kf5 53. Qf8+
Rf6 54. Rxg5+ Kxg5 55. Ne4+ 1-0

[Event "Oberliga Ost B 2016 2017"]
[Site "Germany"]
[Date "2017.05.06"]
[Round "10.8"]
[White "Bittner, Peter"]
[Black "Olesiak, Marcin"]
[Result "0-1"]
[WhiteElo "1887"]
[BlackElo "1997"]
[PlyCount "114"]
[EventDate "2016.10.16"]
[EventType "team-tourn"]
[EventCountry "GER"]
[WhiteTeam "Frankfurt SC Koenig Nied"]
[BlackTeam "Oberursel SV"]
[WhiteTeamCountry "GER"]
[BlackTeamCountry "GER"]

1. e4 c5 2. Nf3 d6 3. d4 cxd4 4. Nxd4 Nf6 5. Nc3 a6 6. Be2 e5 7. Nf3 Be7 8. h3
Nbd7 9. Rb1 b5 10. a3 Bb7 11. Bd3 Nc5 12. Qe2 O-O 13. O-O Re8 14. Rd1 Qc7 15.
Bg5 Ne6 16. Bxf6 Nf4 17. Qf1 Bxf6 18. g3 Nxd3 19. Qxd3 Rad8 20. Qe2 Qd7 21. Kh2
Bc8 22. Qf1 Qc6 23. Rd2 Be7 24. Qe2 f5 25. exf5 Bxf5 26. g4 Bg6 27. Nd5 e4 28.
Nxe7+ Rxe7 29. Nh4 d5 30. Nxg6 Qxg6 31. Rbd1 Qe6 32. Rd4 Rf7 33. Rxe4 Rxf2+ 34.
Qxf2 Qxe4 35. Rf1 h6 36. Qf7+ Kh8 37. c3 d4 38. cxd4 Rxd4 39. Rf2 Rd1 40. Qf8+
Kh7 41. Qf5+ Qxf5 42. gxf5 Kg8 43. Kg3 Kf7 44. Rc2 Rd3+ 45. Kg4 Rd4+ 46. Kf3
Kf6 47. Rc6+ Kxf5 48. Rxa6 Rd3+ 49. Kg2 Rd2+ 50. Kg3 Rxb2 51. Ra5 Rb3+ 52. Kg2
Kf4 53. a4 Rb2+ 54. Kg1 b4 55. Ra7 g5 56. Rd7 b3 57. Kf1 Ra2 0-1

[Event "Oberliga Ost B 2016 2017"]
[Site "Germany"]
[Date "2017.05.06"]
[Round "10.1"]
[White "Dorst, Johannes"]
[Black "Telljohann, Sven"]
[Result "0-1"]
[WhiteElo "2247"]
[BlackElo "2409"]
[PlyCount "102"]
[EventDate "2016.10.16"]
[EventType "team-tourn"]
[EventCountry "GER"]
[WhiteTeam "Marburg SK"]
[BlackTeam "Frankfurter TV"]
[WhiteTeamCountry "GER"]
[BlackTeamCountry "GER"]

1. e4 g6 2. d4 Bg7 3. Nc3 c6 4. Nf3 d5 5. h3 Nh6 6. Bg5 f6 7. Bf4 Nf7 8. Qe2
O-O 9. e5 Qa5 10. Qd2 fxe5 11. dxe5 Qc7 12. Qe3 Qb6 13. Qxb6 axb6 14. Bd3 b5
15. O-O Nh6 16. Bg5 Bxh3 17. Bxe7 Rxf3 18. gxh3 Bxe5 19. Kg2 Rf7 20. Bg5 Nf5
21. Rfe1 Nd7 22. f4 Bd6 23. Re6 Bf8 24. Bxf5 Rxf5 25. Ne2 Nc5 26. Re3 Rf7 27.
a3 Ne4 28. Ng3 Nxg3 29. Kxg3 h6 30. Bh4 Bd6 31. Re6 Bxf4+ 32. Kg2 Kg7 33. Bf2
Bg5 34. Bc5 Bf6 35. c3 Ra4 36. Rf1 Rc4 37. Bd6 Re4 38. Rxe4 dxe4 39. Re1 Rd7
40. Bf4 g5 41. Be3 Kg6 42. Re2 Rd3 43. Bc5 Kf5 44. Rf2+ Ke6 45. Bf8 h5 46. Bh6
Ke5 47. Re2 h4 48. Bf8 Rg3+ 49. Kh2 e3 50. Bc5 Ke4 51. Bd6 Be5 0-1

[Event "Oberliga Ost B 2016 2017"]
[Site "Germany"]
[Date "2017.05.06"]
[Round "10.3"]
[White "Henrich, Thomas"]
[Black "Rutkowski, Ingo"]
[Result "1/2-1/2"]
[WhiteElo "2212"]
[BlackElo "2168"]
[PlyCount "147"]
[EventDate "2016.10.16"]
[EventType "team-tourn"]
[EventCountry "GER"]
[WhiteTeam "Marburg SK"]
[BlackTeam "Frankfurter TV"]
[WhiteTeamCountry "GER"]
[BlackTeamCountry "GER"]

1. d4 d5 2. c4 e6 3. Nc3 c5 4. cxd5 exd5 5. Nf3 Nc6 6. Bg5 Be7 7. Bxe7 Ngxe7 8.
dxc5 d4 9. Ne4 O-O 10. Rc1 Qd5 11. Nd6 Qxa2 12. Qd2 Qd5 13. b4 a6 14. g3 Nf5
15. e4 Qe6 16. Ng5 Qe7 17. Nxc8 Raxc8 18. Bh3 h6 19. Bxf5 hxg5 20. O-O Rcd8 21.
Rce1 g6 22. Bh3 Qe5 23. Bg4 Kg7 24. f4 gxf4 25. gxf4 Qe7 26. Re2 Rh8 27. e5 Qh4
28. Rg2 d3 29. Rf3 Nd4 30. Re3 Nb3 31. Qb2 Nd4 32. Reg3 Ne2+ 33. Bxe2 dxe2 34.
Qxe2 Qxf4 35. Rf2 Qxb4 36. Qf3 Rd7 37. Qf6+ Kg8 38. Rxg6+ fxg6 39. Qe6+ Kg7 40.
Qxd7+ Kh6 41. Qh3+ Kg7 42. Qd7+ Kh6 43. Qh3+ Kg7 44. Qe3 Qg4+ 45. Kh1 Rd8 46.
Rf1 Qc4 47. Kg1 Rd4 48. h3 Qxc5 49. Qf2 Rd5 50. e6 Qxf2+ 51. Rxf2 Rg5+ 52. Kh2
Rf5 53. Rb2 b5 54. Ra2 b4 55. Rxa6 Rb5 56. e7 Kf7 57. Rxg6 Kxe7 58. Rg1 Kd6 59.
Rb1 b3 60. Kg3 Rb4 61. h4 Kc5 62. h5 Kc4 63. Kf4 Rb5 64. Rh1 b2 65. Rb1 Kc3 66.
Kg4 Kc2 67. Rxb2+ Rxb2 68. Kg5 Kd3 69. h6 Ke4 70. h7 Rh2 71. Kg6 Ke5 72. Kg7
Rg2+ 73. Kf7 Rh2 74. Kg7 1/2-1/2

[Event "Oberliga Ost B 2016 2017"]
[Site "Germany"]
[Date "2017.05.06"]
[Round "10.4"]
[White "Neininger, Ralph"]
[Black "Rolle, Eric"]
[Result "1/2-1/2"]
[WhiteElo "2125"]
[BlackElo "2195"]
[PlyCount "102"]
[EventDate "2016.10.16"]
[EventType "team-tourn"]
[EventCountry "GER"]
[WhiteTeam "Frankfurter TV"]
[BlackTeam "Marburg SK"]
[WhiteTeamCountry "GER"]
[BlackTeamCountry "GER"]

1. Nf3 Nf6 2. c4 e6 3. Nc3 c5 4. g3 d5 5. cxd5 Nxd5 6. Bg2 Nc6 7. O-O Be7 8.
Nxd5 Qxd5 9. d3 O-O 10. Be3 Qh5 11. Rc1 Rd8 12. Nd2 Bd7 13. h3 b6 14. Nc4 Rac8
15. g4 Qh4 16. Bf4 Be8 17. Ne5 Qf6 18. Nxc6 Bxc6 19. Qd2 Bxg2 20. Kxg2 e5 21.
Bg3 e4 22. Rc3 c4 23. Qc1 exd3 24. exd3 Qc6+ 25. Kh2 Rxd3 26. Rxd3 cxd3 27.
Qxc6 Rxc6 28. Rd1 h5 29. gxh5 Rc2 30. Rxd3 Bc5 31. Rd8+ Kh7 32. Rd7 a5 33. Rxf7
Kg8 34. Rb7 Bxf2 35. Bxf2 Rxf2+ 36. Kg3 Rxb2 37. h6 gxh6 38. Kg4 b5 39. a3 b4
40. Ra7 bxa3 41. Rxa5 a2 42. Ra7 Kf8 43. Kh5 Rh2 44. Kxh6 Rxh3+ 45. Kg5 Rh2 46.
Kf4 Ke8 47. Ke3 Kd8 48. Kd3 Kc8 49. Kc3 Kb8 50. Ra4 Rh3+ 51. Kb2 Rh2+ 1/2-1/2

[Event "Oberliga Ost B 2016 2017"]
[Site "Germany"]
[Date "2017.05.06"]
[Round "10.5"]
[White "Schmidt, Arnd"]
[Black "Diyap, Murat"]
[Result "0-1"]
[WhiteElo "2139"]
[BlackElo "2084"]
[PlyCount "74"]
[EventDate "2016.10.16"]
[EventType "team-tourn"]
[EventCountry "GER"]
[WhiteTeam "Marburg SK"]
[BlackTeam "Frankfurter TV"]
[WhiteTeamCountry "GER"]
[BlackTeamCountry "GER"]

1. Nf3 Nf6 2. c4 g6 3. Nc3 Bg7 4. g3 d5 5. cxd5 Nxd5 6. Bg2 O-O 7. O-O c6 8. d4
Qb6 9. Na4 Qb5 10. b3 Na6 11. Bb2 Nb6 12. Nc3 Qh5 13. Re1 Rd8 14. e3 Bg4 15.
Qe2 c5 16. dxc5 Nxc5 17. Red1 Bxc3 18. Bxc3 Ne4 19. Rxd8+ Rxd8 20. Rd1 Rxd1+
21. Qxd1 Nxc3 22. Qd8+ Kg7 23. Qd4+ f6 24. Qxc3 Bxf3 25. Qc7 Kf7 26. h3 Bxg2
27. Kxg2 Qd5+ 28. Kg1 Qc6 29. Qb8 Nc8 30. Qf4 Nd6 31. Qd4 a6 32. h4 Qc1+ 33.
Kg2 Qc2 34. Qd5+ Kf8 35. Qa5 Ne4 36. Qd8+ Kf7 37. Qd5+ Kg7 0-1

[Event "Oberliga Ost B 2016 2017"]
[Site "Germany"]
[Date "2017.05.06"]
[Round "10.6"]
[White "Du Maire, Jerome"]
[Black "Foermes, Alexander"]
[Result "1/2-1/2"]
[WhiteElo "2169"]
[BlackElo "2079"]
[PlyCount "30"]
[EventDate "2016.10.16"]
[EventType "team-tourn"]
[EventCountry "GER"]
[WhiteTeam "Frankfurter TV"]
[BlackTeam "Marburg SK"]
[WhiteTeamCountry "GER"]
[BlackTeamCountry "GER"]

1. d4 d5 2. c4 e6 3. Nf3 Nf6 4. g3 Be7 5. Bg2 O-O 6. O-O dxc4 7. Qc2 a6 8. Qxc4
b5 9. Qc2 Bb7 10. Bd2 Be4 11. Qc1 c6 12. Rd1 Nbd7 13. Nc3 Bg6 14. Bf4 Rc8 15.
Ne5 Nxe5 1/2-1/2

[Event "Oberliga Ost B 2016 2017"]
[Site "Germany"]
[Date "2017.05.06"]
[Round "10.7"]
[White "Neidhardt, Helge"]
[Black "Krzesinski, Paul"]
[Result "1-0"]
[WhiteElo "2040"]
[BlackElo "2046"]
[PlyCount "63"]
[EventDate "2016.10.16"]
[EventType "team-tourn"]
[EventCountry "GER"]
[WhiteTeam "Marburg SK"]
[BlackTeam "Frankfurter TV"]
[WhiteTeamCountry "GER"]
[BlackTeamCountry "GER"]

1. d4 Nf6 2. Nf3 d5 3. c4 c6 4. e3 e6 5. Bd3 dxc4 6. Bxc4 Nbd7 7. Nc3 b5 8. Bd3
a6 9. a4 b4 10. Ne4 Bb7 11. O-O c5 12. Ned2 Rc8 13. a5 Bd6 14. Qe2 Rc6 15. e4
cxd4 16. e5 Nxe5 17. Nxe5 Rc5 18. Ndc4 Bb8 19. Bd2 Qd5 20. f4 g5 21. fxg5 Nd7
22. Ng4 Rg8 23. Nb6 Qd6 24. Nxd7 Kxd7 25. Rxf7+ Kc8 26. Bf4 Qc6 27. Bxb8 Kxb8
28. Rxb7+ Qxb7 29. Qxe6 Rcxg5 30. Be4 Qb5 31. Qd6+ Ka7 32. Qc7+ 1-0

[Event "Oberliga Ost B 2016 2017"]
[Site "Germany"]
[Date "2017.05.06"]
[Round "10.8"]
[White "Rondonuwu, Grover"]
[Black "Hein, Lennart"]
[Result "1/2-1/2"]
[WhiteElo "2087"]
[BlackElo "1921"]
[PlyCount "91"]
[EventDate "2016.10.16"]
[EventType "team-tourn"]
[EventCountry "GER"]
[WhiteTeam "Frankfurter TV"]
[BlackTeam "Marburg SK"]
[WhiteTeamCountry "GER"]
[BlackTeamCountry "GER"]

1. d4 Nf6 2. Nf3 e6 3. e3 b6 4. Bd3 Bb7 5. Nbd2 d5 6. b3 Be7 7. Bb2 O-O 8. O-O
c5 9. Qe2 Nc6 10. a3 Rc8 11. Rfd1 Qc7 12. c4 cxd4 13. exd4 Rfd8 14. Rac1 dxc4
15. Nxc4 Qb8 16. b4 b5 17. Ncd2 a6 18. Nb3 Nd5 19. Qe4 g6 20. Nc5 Bf6 21. h4
Nce7 22. Ng5 Nf5 23. g3 Nxg3 24. fxg3 Qxg3+ 25. Qg2 Qxg2+ 26. Kxg2 Ne3+ 27. Kg3
Nxd1 28. Rxd1 Ba8 29. Be2 a5 30. Bf3 Bxf3 31. Nxf3 axb4 32. axb4 Ra8 33. Rd2
Ra2 34. Kg4 h5+ 35. Kf4 Bg7 36. Ke4 f5+ 37. Kd3 e5 38. Ne6 e4+ 39. Ke3 Bh6+ 40.
Nfg5 Rd6 41. Nc5 Bg7 42. Nce6 Bf6 43. Kf4 Ra4 44. Bc3 Ra3 45. Bb2 Ra4 46. Bc3
1/2-1/2

[Event "Oberliga Ost B 2016 2017"]
[Site "Germany"]
[Date "2017.05.06"]
[Round "10.1"]
[White "Lubbe, Nikolas"]
[Black "Rafiee, Makan"]
[Result "1-0"]
[WhiteElo "2500"]
[BlackElo "2318"]
[PlyCount "79"]
[EventDate "2016.10.16"]
[EventType "team-tourn"]
[EventCountry "GER"]
[WhiteTeam "Neuberg SF"]
[BlackTeam "Kasseler SK"]
[WhiteTeamCountry "GER"]
[BlackTeamCountry "GER"]

1. d4 Nf6 2. c4 e6 3. Nc3 Bb4 4. e3 b6 5. Bd3 Bb7 6. Nf3 Ne4 7. Qc2 f5 8. O-O
Bxc3 9. bxc3 O-O 10. Nd2 Nxd2 11. Bxd2 c5 12. d5 Qf6 13. e4 f4 14. g3 e5 15.
gxf4 exf4 16. e5 Qxe5 17. Bxh7+ Kh8 18. f3 d6 19. Rf2 Nd7 20. Re1 Qg5+ 21. Rg2
Qh4 22. Bg6 Ne5 23. Rxe5 dxe5 24. Qe4 Qf6 25. h4 Rad8 26. Rg5 Rd6 27. Rh5+ Kg8
28. Bh7+ Kh8 29. Bf5+ Kg8 30. Bh7+ Kh8 31. Bf5+ Kg8 32. Bg4 Qg6 33. Qxe5 Re8
34. Qxf4 Bc8 35. Rg5 Qb1+ 36. Kf2 Qd3 37. Bxc8 Qe2+ 38. Kg3 Rf8 39. Bf5 Rdf6
40. Be3 1-0

[Event "Oberliga Ost B 2016 2017"]
[Site "Germany"]
[Date "2017.05.06"]
[Round "10.2"]
[White "Grafl, Florian"]
[Black "Lubbe, Melanie"]
[Result "1-0"]
[WhiteElo "2396"]
[BlackElo "2261"]
[PlyCount "67"]
[EventDate "2016.10.16"]
[EventType "team-tourn"]
[EventCountry "GER"]
[WhiteTeam "Kasseler SK"]
[BlackTeam "Neuberg SF"]
[WhiteTeamCountry "GER"]
[BlackTeamCountry "GER"]

1. d4 Nf6 2. Bg5 e6 3. e4 h6 4. Bxf6 Qxf6 5. Nf3 d6 6. Nc3 Nc6 7. d5 Ne5 8.
Nxe5 Qxe5 9. Bb5+ Bd7 10. Bxd7+ Kxd7 11. O-O g5 12. Qf3 Rh7 13. Qd3 a6 14. Qc4
Rd8 15. Rad1 h5 16. Rd3 Kc8 17. b4 exd5 18. Rxd5 Qe6 19. b5 a5 20. b6 c6 21.
Nb5 f5 22. Nd4 Qxe4 23. Rxa5 d5 24. Ra8+ Kd7 25. Rxd8+ Kxd8 26. Qa4 Ke7 27. Qa8
Kf7 28. Nf3 Be7 29. Qxb7 Rg7 30. Re1 Qb4 31. c3 Qc5 32. Ne5+ Kg8 33. Qc8+ Bf8
34. b7 1-0